[Event "XV Bancpost"]
[Site "Miercurea Ciuc"]
[Date "2012.08.09"]
[Round "5.12"]
[White "Szakats, Istvan"]
[Black "Padurean, Daniel-Cristian"]
[Result "1/2-1/2"]
[WhiteElo "1845"]
[BlackElo "1578"]
[PlyCount "109"]
[EventDate "2012.??.??"]

1. e4 c6 2. d4 d5 3. Nc3 dxe4 4. Nxe4 Bf5 5. Ng3 Bg6 6. Nf3 e6 7. Bd3 Bxd3 8.
Qxd3 Nf6 9. O-O Bd6 10. Ne4 Nxe4 11. Qxe4 h6 12. c4 O-O 13. Rd1 Re8 14. Bf4
Bxf4 15. Qxf4 Na6 16. Rd2 Qc7 17. Qe3 Rad8 18. Rad1 Qb6 19. a3 Kf8 20. b4 Nb8
21. Qf4 Rd7 22. Ne5 Kg8 23. Nxd7 Nxd7 24. Qg3 Nf6 25. Qf3 Qa6 26. Qd3 Qb6 27.
h3 a6 28. Re2 Qd8 29. a4 Qd6 30. Qb3 Rd8 31. Re3 Qf4 32. Rf3 Qe4 33. Rxf6 gxf6
34. Qd3 Qxd3 35. Rxd3 b5 36. axb5 axb5 37. cxb5 cxb5 38. Kf1 Kf8 39. Ke2 Ke7
40. Kd2 Ra8 41. Rc3 Ra2+ 42. Ke3 Rb2 43. Rc7+ Kf8 44. Rd7 Rxb4 45. d5 exd5 46.
Rxd5 Rb2 47. g3 b4 48. f3 Rb1 49. Kf4 b3 50. Rb5 b2 51. Kf5 Kg7 52. h4 h5 53.
Kf4 Kg6 54. Rb6 Kg7 55. Rb5 1/2-1/2

[Event "XV Bancpost"]
[Site "Miercurea Ciuc"]
[Date "2012.08.09"]
[Round "5.13"]
[White "Ciocanaru, Andrei"]
[Black "Kiraly, Ferenc"]
[Result "1-0"]
[WhiteElo "1670"]
[BlackElo "1836"]
[PlyCount "47"]
[EventDate "2012.??.??"]

1. e4 e5 2. Nf3 Nc6 3. Be2 Nf6 4. d3 d6 5. O-O Be7 6. c3 O-O 7. Qc2 h6 8. Nbd2
d5 9. b3 dxe4 10. dxe4 Bg4 11. h3 Bxf3 12. Nxf3 Nh7 13. Rd1 Qc8 14. Bb2 Ng5 15.
Nxg5 Bxg5 16. Bg4 Qb8 17. Rd7 b6 18. Rad1 Qb7 19. R1d5 Rfd8 20. Qd3 Rxd7 21.
Rxd7 Bf6 22. Qd5 Rf8 23. Bh5 Rd8 24. Qxf7+ 1-0

[Event "XV Bancpost"]
[Site "Miercurea Ciuc"]
[Date "2012.08.09"]
[Round "5.14"]
[White "Szebeni-Janosi, Pal"]
[Black "Banzea, Alexandru-Bogdan"]
[Result "0-1"]
[WhiteElo "1812"]
[BlackElo "1637"]
[PlyCount "66"]
[EventDate "2012.??.??"]

1. e4 c5 2. Nf3 d6 3. d4 cxd4 4. Nxd4 Nf6 5. Nc3 a6 6. Bg5 e6 7. Qd2 Be7 8. f4
h6 9. Bh4 b5 10. Bd3 Bb7 11. a3 Nbd7 12. O-O O-O 13. Nf3 Rc8 14. e5 Ne8 15. Bf2
Nc5 16. Bd4 dxe5 17. Bxc5 Bxc5+ 18. Kh1 exf4 19. Qxf4 Nf6 20. Rad1 Qc7 21. Qxc7
Rxc7 22. h3 Rcc8 23. Ne2 Rfd8 24. Rb1 Be4 25. Bxe4 Nxe4 26. Kh2 Nd2 27. Nxd2
Rxd2 28. Nc3 Rxc2 29. Ne4 Bd4 30. b4 Re2 31. Rbe1 Rcc2 32. Rxe2 Rxe2 33. Rf3
Rxe4 0-1

[Event "XV Bancpost"]
[Site "Miercurea Ciuc"]
[Date "2012.08.09"]
[Round "5.15"]
[White "Benedek, Laszlo"]
[Black "Ghinea, Constantin"]
[Result "0-1"]
[WhiteElo "1567"]
[BlackElo "1796"]
[PlyCount "92"]
[EventDate "2012.??.??"]

1. e4 e5 2. Nf3 Nc6 3. Bb5 a6 4. Ba4 Nf6 5. O-O b5 6. Bb3 d6 7. c3 Be7 8. h3
Na5 9. Bc2 c5 10. d4 Qc7 11. d5 O-O 12. Bg5 Nc4 13. b3 Nb6 14. Qd2 a5 15. Nh2
a4 16. f4 axb3 17. Bxb3 Ba6 18. Qe3 Nbd7 19. Nd2 c4 20. Bc2 h6 21. Bh4 Nxd5 22.
exd5 Bxh4 23. fxe5 Nxe5 24. Qe4 Ng6 25. Qg4 Qe7 26. Nhf3 Bc8 27. Qh5 Qe3+ 28.
Kh1 Bg3 29. Bxg6 fxg6 30. Qxg6 Bf4 31. Rae1 Bf5 32. Qh5 Qxc3 33. Ne4 Bxe4 34.
Rxe4 Rxa2 35. Re8 Qc2 36. Nh4 Rxe8 37. Qxe8+ Kh7 38. Qf7 Bg5 39. Rf2 Ra1+ 40.
Kh2 Qb1 41. Nf3 Bf6 42. Qh5 Qg6 43. Qxg6+ Kxg6 44. Kg3 c3 45. Kf4 b4 46. Ke3 b3
0-1

[Event "XV Bancpost"]
[Site "Miercurea Ciuc"]
[Date "2012.08.09"]
[Round "5.16"]
[White "Ordog, Akos"]
[Black "Varga, Adrienn"]
[Result "1-0"]
[WhiteElo "1642"]
[BlackElo "1550"]
[PlyCount "43"]
[EventDate "2012.??.??"]

1. e4 e5 2. Nf3 Nc6 3. Bb5 a6 4. Ba4 b5 5. Bb3 Na5 6. c3 Nxb3 7. Qxb3 d6 8. d4
exd4 9. cxd4 Be7 10. O-O Nf6 11. e5 Be6 12. Qc2 Nd7 13. Nc3 dxe5 14. Nxe5 O-O
15. Nc6 Qe8 16. d5 Nb6 17. Nxe7+ Qxe7 18. dxe6 Qxe6 19. Bf4 c6 20. Rfe1 Qc4 21.
Re4 Qc5 22. Be3 1-0

[Event "XV Bancpost"]
[Site "Miercurea Ciuc"]
[Date "2012.08.09"]
[Round "5.17"]
[White "Bucsoiu, Vlad"]
[Black "Georgescu, Gabriel-Ioan"]
[Result "0-1"]
[WhiteElo "1450"]
[BlackElo "1998"]
[PlyCount "46"]
[EventDate "2012.??.??"]

1. d4 Nf6 2. c4 g6 3. Nc3 Bg7 4. e4 d6 5. Nf3 O-O 6. Be2 Nbd7 7. O-O e5 8. d5
Nc5 9. Qc2 a5 10. Be3 b6 11. Bxc5 bxc5 12. h3 Nh5 13. Rfe1 Nf4 14. Bf1 f5 15.
Nd2 Nh5 16. exf5 gxf5 17. a3 Rb8 18. Nb5 e4 19. Rab1 Rf7 20. g3 Be5 21. Qd1 Qg5
22. Nc3 Rg7 23. Ne2 Nxg3 0-1

[Event "XV Bancpost"]
[Site "Miercurea Ciuc"]
[Date "2012.08.09"]
[Round "5.18"]
[White "Turcuman, Dragos-Mihai"]
[Black "Szilveszter, Sandor"]
[Result "1/2-1/2"]
[WhiteElo "1569"]
[BlackElo "1727"]
[PlyCount "115"]
[EventDate "2012.??.??"]

1. e4 c5 2. Nc3 Nc6 3. f4 e5 4. f5 Nf6 5. Bc4 a6 6. a4 Na5 7. Ba2 d5 8. d3 dxe4
9. dxe4 Qxd1+ 10. Kxd1 Bd7 11. Bg5 Be7 12. Bxf6 gxf6 13. Nd5 Rd8 14. b3 Bxf5
15. exf5 Rxd5+ 16. Ke2 Rd4 17. g3 Nc6 18. Nf3 Rd6 19. c3 O-O 20. Rad1 e4 21.
Nd2 Rd5 22. g4 Ne5 23. h3 Rfd8 24. b4 Rd3 25. Nxe4 cxb4 26. cxb4 R3d4 27. Nc5
Rxb4 28. Rxd8+ Bxd8 29. Rd1 Ba5 30. Rb1 Rd4 31. Ke3 Rd2 32. Bb3 Rh2 33. Nxb7
Rxh3+ 34. Ke4 Bc7 35. Bd1 Rg3 36. Rc1 Bb6 37. a5 Ba7 38. Rc8+ Kg7 39. Ra8 Re3+
40. Kd5 Rd3+ 41. Ke4 Rd4+ 42. Ke3 Rxd1+ 43. Rxa7 Rb1 44. Nd6 Rb3+ 45. Ke2 Rb2+
46. Kd1 Rb4 47. Ne8+ Kh6 48. Nxf6 Nxg4 49. Nxg4+ Rxg4 50. Rxa6+ Kg5 51. Ra7 Ra4
52. Rxf7 h5 53. Rf8 Rxa5 54. f6 Kg6 55. Ke2 Ra3 56. Kf2 Ra4 57. Kg3 h4+ 58. Kh3
1/2-1/2

[Event "XV Bancpost"]
[Site "Miercurea Ciuc"]
[Date "2012.08.09"]
[Round "5.24"]
[White "Puscas, Filip-Andrei"]
[Black "Rosca, Grigore"]
[Result "0-1"]
[WhiteElo "1401"]
[BlackElo "1597"]
[PlyCount "70"]
[EventDate "2012.??.??"]

1. e4 c5 2. Nf3 Nc6 3. d4 cxd4 4. Nxd4 Qb6 5. Nb3 e5 6. Be3 Qb4+ 7. Nc3 Nf6 8.
a3 Qe7 9. Nb5 d6 10. Bg5 a6 11. Bxf6 gxf6 12. Nc3 Be6 13. Nd5 Qd8 14. Be2 Rg8
15. h3 Rg6 16. Bg4 Bxg4 17. hxg4 Rh6 18. Rxh6 Bxh6 19. Qf3 Bg5 20. Qf5 Ne7 21.
Qxh7 Nxd5 22. exd5 Ke7 23. Qe4 Qb6 24. Rd1 Rh8 25. g3 Rh2 26. Nd4 Qxb2 27. Nf5+
Kd7 28. Qa4+ b5 29. Qb3 Bc1 30. Qxb2 Bxb2 31. Rd3 Rh1+ 32. Ke2 Ra1 33. f4 Bxa3
34. g5 fxg5 35. fxe5 dxe5 0-1

[Event "XV Bancpost"]
[Site "Miercurea Ciuc"]
[Date "2012.08.09"]
[Round "6.1"]
[White "Horvath, Imre"]
[Black "Orso, Miklos"]
[Result "1/2-1/2"]
[WhiteElo "2281"]
[BlackElo "2353"]
[PlyCount "51"]
[EventDate "2012.??.??"]

1. Nf3 Nf6 2. d4 g6 3. Bf4 Bg7 4. e3 O-O 5. h3 d6 6. Be2 Nbd7 7. O-O Qe8 8. Re1
e5 9. Bh2 Qe7 10. Bf1 Ne8 11. dxe5 Nxe5 12. Nxe5 dxe5 13. c3 Be6 14. Nd2 Rd8
15. Qc2 Nd6 16. Rad1 f5 17. Qa4 a6 18. Nb3 b6 19. Qc6 Qd7 20. Qxd7 Rxd7 21. Rd2
a5 22. Red1 Rfd8 23. Nc1 Kf8 24. Be2 Ke7 25. Kf1 Nf7 26. Ke1 1/2-1/2

[Event "XV Bancpost"]
[Site "Miercurea Ciuc"]
[Date "2012.08.09"]
[Round "6.2"]
[White "Dicu, Razvan-Stefan"]
[Black "Takacs, Balazs"]
[Result "0-1"]
[WhiteElo "2217"]
[BlackElo "2352"]
[PlyCount "114"]
[EventDate "2012.??.??"]

1. e4 c5 2. Nf3 d6 3. d4 cxd4 4. Nxd4 Nf6 5. Nc3 a6 6. Bg5 e6 7. f4 h6 8. Bh4
Qb6 9. Qd2 Qxb2 10. Rb1 Qa3 11. f5 Be7 12. fxe6 fxe6 13. Bc4 Nxe4 14. Nxe4
Bxh4+ 15. g3 Bg5 16. Nxg5 hxg5 17. Bxe6 Qxg3+ 18. hxg3 Rxh1+ 19. Ke2 Rh2+ 20.
Kd3 Rxd2+ 21. Kxd2 Bxe6 22. Nxe6 Kd7 23. Nxg5 Kc6 24. Re1 Nd7 25. Re7 g6 26.
Nf7 Rf8 27. Ke2 Nf6 28. Ng5 Re8 29. Rxe8 Nxe8 30. Ne6 Kb5 31. Kd2 Kb4 32. Kc1
Ka3 33. Kb1 Nf6 34. Nf8 g5 35. g4 Ne4 36. Ne6 a5 37. Nd4 a4 38. Ka1 Kb4 39. Kb2
a3+ 40. Kb1 Kc4 41. Nf3 Kc3 42. Kc1 b5 43. Ne1 Kd4 44. Kb1 Ke3 45. c4 bxc4 46.
Nc2+ Kd2 47. Nxa3 Nc3+ 48. Ka1 d5 49. Kb2 Na4+ 50. Kb1 Nc3+ 51. Kb2 Kd3 52. Nc2
Nxa2 53. Ne1+ Ke2 54. Nc2 Kd2 55. Nd4 Nb4 56. Nf3+ Kd3 57. Nxg5 c3+ 0-1

[Event "XV Bancpost"]
[Site "Miercurea Ciuc"]
[Date "2012.08.09"]
[Round "6.3"]
[White "Serbanescu, Diana-Maria"]
[Black "Vasile, Claudiu-Daniel"]
[Result "1/2-1/2"]
[WhiteElo "1936"]
[BlackElo "2099"]
[PlyCount "66"]
[EventDate "2012.??.??"]

1. e4 e6 2. d4 d5 3. e5 c5 4. c3 Nc6 5. Nf3 Bd7 6. a3 f6 7. exf6 Nxf6 8. Bb5
Bd6 9. O-O O-O 10. Re1 Qc7 11. Bxc6 bxc6 12. Be3 Ng4 13. h3 Bh2+ 14. Kh1 Nxe3
15. fxe3 Bg3 16. Rf1 e5 17. dxe5 Bf5 18. Nbd2 Bd3 19. Rg1 c4 20. b4 Bf2 21. Nf1
Rae8 22. Qd2 Bxg1 23. Kxg1 c5 24. Ng3 a5 25. b5 a4 26. Re1 Qa5 27. e4 d4 28.
Nh5 Rxf3 29. gxf3 Qxc3 30. Qxc3 dxc3 31. Nf4 Rb8 32. Nd5 Kf7 33. Nxc3 Ke6
1/2-1/2

[Event "XV Bancpost"]
[Site "Miercurea Ciuc"]
[Date "2012.08.09"]
[Round "6.4"]
[White "Dulman, Egmond-Gabriel"]
[Black "Ilie, Maria-Ruxandra"]
[Result "1-0"]
[WhiteElo "2090"]
[BlackElo "2004"]
[PlyCount "93"]
[EventDate "2012.??.??"]

1. d4 Nf6 2. c4 e6 3. Nc3 Bb4 4. e3 b6 5. Bd3 Bb7 6. Nge2 Bxg2 7. Rg1 Bf3 8.
Rxg7 Ng4 9. h3 Qf6 10. Rxg4 Bxg4 11. hxg4 h5 12. gxh5 Rxh5 13. Ng3 Rh2 14. Qe2
Nc6 15. Be4 Ke7 16. Qf3 Rg8 17. Qxf6+ Kxf6 18. Bd2 Bd6 19. Nf1 Rg1 20. O-O-O
Rh3 21. f4 Ke7 22. Ne2 Rg8 23. Be1 f5 24. Bb1 Bb4 25. Bg3 a5 26. e4 fxe4 27.
Bxe4 Bd6 28. Kb1 Nd8 29. Bf2 c5 30. Nfg3 cxd4 31. Bxd4 Bc5 32. Bxc5+ bxc5 33.
Rd3 Rh4 34. Ra3 Rhg4 35. f5 a4 36. fxe6 dxe6 37. Re3 Kd6 38. Nh5 Rf8 39. Nhg3
Rfg8 40. Kc2 Nf7 41. Bd3 Kd7 42. Ne4 Ke7 43. Nxc5 e5 44. Nxa4 Ra8 45. Nac3 Kd6
46. Ne4+ Kc6 47. Nf6 1-0

[Event "XV Bancpost"]
[Site "Miercurea Ciuc"]
[Date "2012.08.09"]
[Round "6.5"]
[White "Cornea, Alexandru"]
[Black "Osvath, Zoltan"]
[Result "0-1"]
[WhiteElo "1872"]
[BlackElo "1910"]
[PlyCount "104"]
[EventDate "2012.??.??"]

1. c4 Nf6 2. Nc3 g6 3. g3 Bg7 4. Bg2 d6 5. d4 O-O 6. Nf3 Nbd7 7. O-O e5 8. e4
Re8 9. h3 b6 10. Re1 Bb7 11. d5 Qe7 12. Be3 h6 13. Qd2 Kh7 14. Nh4 Bc8 15. Kh2
a5 16. a3 Nc5 17. Qc2 Bd7 18. b4 Nb7 19. Bf1 Rf8 20. Ng2 Ng8 21. Bd3 Kh8 22. f4
f5 23. Nh4 Qf7 24. exf5 gxf5 25. fxe5 Bxe5 26. Rf1 axb4 27. axb4 Rxa1 28. Rxa1
Qg7 29. Ne2 Bxa1 30. Nf4 Ne7 31. Qc1 Rg8 32. Nh5 Qb2+ 33. Qxb2+ Bxb2 34. Bxh6
Be5 35. Nf3 Bc3 36. Bg5 Rxg5 37. Nxg5 Bxb4 38. Nf6 Nc5 39. Bb1 Ba4 40. h4 Bd2
41. Nf3 Bc3 42. Nh5 Bb3 43. Nf4 Bxc4 44. h5 Ne4 45. Nh4 Nxd5 46. Nxd5 Bxd5 47.
Nxf5 Be5 48. Kh3 Nd2 49. Bc2 Be4 50. Bxe4 Nxe4 51. g4 b5 52. Ne7 b4 0-1

[Event "XV Bancpost"]
[Site "Miercurea Ciuc"]
[Date "2012.08.09"]
[Round "6.6"]
[White "Vrencian, Lehel"]
[Black "Voda, Costel"]
[Result "1-0"]
[WhiteElo "1900"]
[BlackElo "1980"]
[PlyCount "27"]
[EventDate "2012.??.??"]

1. e4 e5 2. Nf3 Nc6 3. Nc3 Nf6 4. d4 exd4 5. Nxd4 Bb4 6. Nxc6 Bxc3+ 7. bxc3
bxc6 8. Bd3 d6 9. O-O h6 10. e5 dxe5 11. Ba3 Be6 12. Qe2 Nd7 13. f4 exf4 14.
Qxe6+ 1-0

[Event "XV Bancpost"]
[Site "Miercurea Ciuc"]
[Date "2012.08.09"]
[Round "6.7"]
[White "Banzea, Alexandru-Bogdan"]
[Black "Pessi, Emil-George"]
[Result "0-1"]
[WhiteElo "1637"]
[BlackElo "2237"]
[PlyCount "44"]
[EventDate "2012.??.??"]

1. e4 e5 2. Nf3 Nc6 3. d4 exd4 4. Bb5 d6 5. Nxd4 Bd7 6. Nc3 Nf6 7. O-O Be7 8.
h3 O-O 9. Nxc6 Bxc6 10. Bxc6 bxc6 11. f4 Nd7 12. Qf3 Rb8 13. e5 dxe5 14. Rd1
Rb6 15. Be3 c5 16. fxe5 Nxe5 17. Qf5 Bd6 18. Nd5 Rxb2 19. Bg5 f6 20. Bc1 Rb8
21. Nxc7 Qxc7 22. Qe6+ Nf7 0-1

[Event "XV Bancpost"]
[Site "Miercurea Ciuc"]
[Date "2012.08.09"]
[Round "6.8"]
[White "Adam, Andrea"]
[Black "Suket, Mate"]
[Result "0-1"]
[WhiteElo "1888"]
[BlackElo "1793"]
[PlyCount "78"]
[EventDate "2012.??.??"]

1. e4 e5 2. Nf3 Nc6 3. Bb5 Nge7 4. O-O g6 5. d3 Bg7 6. Be3 O-O 7. Qd2 d6 8. h3
a6 9. Ba4 f5 10. Bh6 fxe4 11. dxe4 Bxh3 12. Bb3+ Kh8 13. Nh4 Bd7 14. Bg5 Nd4
15. Bc4 Bf6 16. Bxf6+ Rxf6 17. c3 Ne6 18. Na3 Nf4 19. Nf3 Qc8 20. Ng5 b5 21.
Bb3 c5 22. Nf7+ Kg7 23. Nxd6 Qc7 24. Rad1 Bc6 25. f3 c4 26. Bc2 Kg8 27. g3 Nh5
28. Qg5 Rxd6 29. Qxe5 Rad8 30. b3 Qa7+ 31. Kg2 Rxd1 32. Rxd1 Rxd1 33. Bxd1 Qd7
34. Be2 cxb3 35. axb3 Kf7 36. c4 Qd2 37. Kf2 b4 38. Nb1 Qc2 39. c5 Bb5 0-1

[Event "XV Bancpost"]
[Site "Miercurea Ciuc"]
[Date "2012.08.09"]
[Round "6.9"]
[White "Ordog, Robert"]
[Black "Benedek, Istvan"]
[Result "0-1"]
[WhiteElo "1875"]
[BlackElo "1688"]
[PlyCount "58"]
[EventDate "2012.??.??"]

1. e4 c5 2. Nf3 e6 3. d4 cxd4 4. Nxd4 a6 5. a4 Nf6 6. e5 Qa5+ 7. c3 Qxe5+ 8.
Be2 Qc7 9. O-O d5 10. Re1 Bd6 11. g3 O-O 12. Be3 b6 13. b4 e5 14. Nb3 Bb7 15.
a5 b5 16. Nc5 Bxc5 17. Bxc5 Re8 18. Na3 Qc6 19. Bf3 Nbd7 20. c4 bxc4 21. Nxc4
Nxc5 22. Nxe5 Qc7 23. Rc1 Rxe5 24. Rxc5 Rxe1+ 25. Qxe1 Qd6 26. Kg2 Re8 27. Qc1
Ne4 28. Qe3 d4 29. Qc1 Nxc5 0-1

[Event "XV Bancpost"]
[Site "Miercurea Ciuc"]
[Date "2012.08.09"]
[Round "6.10"]
[White "Ghinea, Constantin"]
[Black "Ciocanaru, Andrei"]
[Result "1-0"]
[WhiteElo "1796"]
[BlackElo "1670"]
[PlyCount "107"]
[EventDate "2012.??.??"]

1. e4 e6 2. Qe2 Be7 3. g3 d5 4. e5 c5 5. Bg2 Nc6 6. c3 Bd7 7. d3 Qb6 8. Nf3 f6
9. Nbd2 O-O-O 10. a4 f5 11. O-O Nh6 12. Nb1 Nf7 13. Na3 h6 14. Bd2 Na5 15. Be3
Nb3 16. a5 Qxa5 17. Nc4 Qb5 18. Na3 Qb6 19. Rab1 g5 20. d4 c4 21. Nd2 Ba4 22.
Nxb3 Bxb3 23. Qh5 Rdf8 24. Ra1 Nd8 25. Qe2 h5 26. f4 gxf4 27. Bxf4 Rfg8 28. h4
Bf8 29. Bg5 Nf7 30. Bf6 Bg7 31. Kh2 Nh6 32. Bg5 Ng4+ 33. Kh3 Bh6 34. Be7 Rh7
35. Bc5 Qc6 36. Rf3 Bf8 37. Bxf8 Rxf8 38. Nc2 a6 39. Nb4 Qb6 40. Rff1 Rg7 41.
Bf3 Rfg8 42. Rg1 Qd8 43. Nxa6 bxa6 44. Rxa6 Rb7 45. Rga1 Rgg7 46. Rxe6 Qd7 47.
Rd6 Qc7 48. Bxd5 Ra7 49. Rf1 Qe7 50. Rxf5 Ra1 51. Bc6 Kb8 52. Qf3 Bc2 53. Rf8+
Ka7 54. Ra8+ 1-0

[Event "XV Bancpost"]
[Site "Miercurea Ciuc"]
[Date "2012.08.09"]
[Round "6.12"]
[White "Ordog, Akos"]
[Black "Szakats, Istvan"]
[Result "1/2-1/2"]
[WhiteElo "1642"]
[BlackElo "1845"]
[PlyCount "47"]
[EventDate "2012.??.??"]

1. e4 c5 2. Nf3 a6 3. c3 d5 4. exd5 Qxd5 5. d4 Bg4 6. Be2 cxd4 7. Qxd4 Nf6 8.
O-O Qxd4 9. Nxd4 Bxe2 10. Nxe2 Nc6 11. a4 a5 12. Na3 e6 13. Nb5 Rc8 14. Bf4 e5
15. Bg5 Ne4 16. Be3 Be7 17. Rfd1 O-O 18. Na7 Nxa7 19. Bxa7 Bc5 20. Bxc5 Nxc5
21. Rd5 f6 22. Rb1 Rfd8 23. Rxd8+ Rxd8 24. b3 1/2-1/2

[Event "XV Bancpost"]
[Site "Miercurea Ciuc"]
[Date "2012.08.09"]
[Round "6.15"]
[White "Padurean, Daniel-Cristian"]
[Black "Mihaly, Zsolt"]
[Result "1-0"]
[WhiteElo "1578"]
[BlackElo "1652"]
[PlyCount "89"]
[EventDate "2012.??.??"]

1. e4 c5 2. c4 Nc6 3. Nf3 e6 4. Nc3 a6 5. Be2 Qc7 6. d4 cxd4 7. Nxd4 Nf6 8. O-O
Bb4 9. Nxc6 bxc6 10. Qc2 O-O 11. Bd3 h6 12. a3 Bxc3 13. Qxc3 Bb7 14. Bxh6 e5
15. Bg5 Nh7 16. Be3 c5 17. Rad1 Rae8 18. Bc2 Qc6 19. Qd2 Nf6 20. Qd6 Qxd6 21.
Rxd6 Rc8 22. f3 Rc7 23. Rfd1 Bc8 24. Ba4 Re8 25. Bg5 Nh7 26. Bh4 Nf8 27. Bf2
Re7 28. R6d5 Ne6 29. Rxe5 f6 30. Red5 g5 31. Bg3 Rb7 32. Bd6 Rh7 33. R1d2 Rg7
34. Bxc5 Rc7 35. b4 g4 36. Kf2 gxf3 37. gxf3 Nf4 38. Rf5 Nh3+ 39. Kf1 d6 40.
Bxd6 Rxc4 41. Rc5 Rg1+ 42. Ke2 Rg2+ 43. Ke3 Rxd2 44. Rxc4 Rxd6 45. Rxc8+ 1-0

[Event "XV Bancpost"]
[Site "Miercurea Ciuc"]
[Date "2012.08.09"]
[Round "6.16"]
[White "Varga, Adrienn"]
[Black "Fugulyan, Grigore"]
[Result "1-0"]
[WhiteElo "1550"]
[BlackElo "1915"]
[PlyCount "111"]
[EventDate "2012.??.??"]

1. e4 e5 2. Nf3 Nc6 3. Bb5 a6 4. Ba4 Nf6 5. O-O b5 6. Bb3 Be7 7. d3 d6 8. h3
Na5 9. Nc3 O-O 10. Be3 Nxb3 11. axb3 c6 12. Re1 h6 13. Ne2 Nh5 14. Nh2 g5 15.
d4 Qc7 16. Ng3 Nxg3 17. fxg3 exd4 18. Bxd4 c5 19. Be3 Bf6 20. c3 Be5 21. Bf2
Kh7 22. Nf3 Bg7 23. Qc2 f5 24. Rad1 fxe4 25. Qxe4+ Bf5 26. Qd5 Rad8 27. g4 Bg6
28. Bg3 Qf7 29. Qxf7 Rxf7 30. Rxd6 Rxd6 31. Bxd6 b4 32. cxb4 cxb4 33. Ne5 Bxe5
34. Rxe5 Bd3 35. Bxb4 Bb5 36. Bc3 Bd3 37. Re8 Bb5 38. Rh8+ Kg6 39. b4 Be2 40.
Re8 Bb5 41. Re6+ Kh7 42. Kh2 Bc4 43. Rd6 Re7 44. Rd2 Kg6 45. Kg3 Re3+ 46. Kf2
Rd3 47. Re2 Rd6 48. Re7 Bf7 49. Rb7 Rd8 50. b5 axb5 51. Rxb5 Rd7 52. Rf5 Bd5
53. g3 Bb3 54. h4 Bd1 55. h5+ Kh7 56. Rf8 1-0

[Event "XV Bancpost"]
[Site "Miercurea Ciuc"]
[Date "2012.08.09"]
[Round "6.17"]
[White "Kiraly, Ferenc"]
[Black "Benedek, Laszlo"]
[Result "1-0"]
[WhiteElo "1836"]
[BlackElo "1567"]
[PlyCount "57"]
[EventDate "2012.??.??"]

1. e4 e5 2. Nf3 Nc6 3. Bc4 Bc5 4. O-O d6 5. c3 Bg4 6. a4 a6 7. d3 h6 8. b4 Ba7
9. Nbd2 Nf6 10. Re1 O-O 11. h3 Bh5 12. Nf1 Kh8 13. Ng3 Bg6 14. Nh4 Nd7 15. Nhf5
Ne7 16. Qg4 Nf6 17. Qh4 Bh7 18. Nxg7 Ng6 19. Qxh6 Ng8 20. Qh5 Nf6 21. Qg5 Rg8
22. N7f5 Nf4 23. Qh4 Ng6 24. Qh6 Qd7 25. Be3 Bxe3 26. Rxe3 Raf8 27. Rf3 Ne8 28.
Nh5 Ne7 29. Nf6 1-0

[Event "XV Bancpost"]
[Site "Miercurea Ciuc"]
[Date "2012.08.09"]
[Round "6.18"]
[White "Jakab, Nandor"]
[Black "Szebeni-Janosi, Pal"]
[Result "0-1"]
[WhiteElo "1652"]
[BlackElo "1812"]
[PlyCount "84"]
[EventDate "2012.??.??"]

1. e4 e5 2. Nf3 Nc6 3. Bb5 a6 4. Ba4 Nf6 5. c3 Be7 6. O-O O-O 7. Re1 d6 8. h3
Bd7 9. d4 Qc8 10. Nbd2 b5 11. Bc2 h6 12. Nb3 a5 13. Qd3 a4 14. Nbd2 Na5 15.
dxe5 Nh5 16. exd6 Nf4 17. Qe3 Bg5 18. Nxg5 hxg5 19. dxc7 Qxc7 20. b3 axb3 21.
axb3 Nc4 22. Nxc4 Rxa1 23. Na3 Ra8 24. Bb1 R8xa3 25. Bxa3 Rxa3 26. Bc2 Ra6 27.
Rd1 Rh6 28. e5 g6 29. b4 Kg7 30. Rd6 Qc8 31. Qf3 Be6 32. Rc6 Qa8 33. Be4 Qa1+
34. Kh2 Qf1 35. Rxe6 fxe6 36. Bd3 Qxd3 37. Qb7+ Kf8 38. Qc8+ Ke7 39. Qc5+ Ke8
40. Qc8+ Qd8 41. Qc6+ Qd7 42. Qa8+ Kf7 0-1

[Event "XV Bancpost"]
[Site "Miercurea Ciuc"]
[Date "2012.08.09"]
[Round "6.19"]
[White "Szilveszter, Sandor"]
[Black "Sandor, Tamas"]
[Result "1-0"]
[WhiteElo "1727"]
[BlackElo "1555"]
[PlyCount "41"]
[EventDate "2012.??.??"]

1. e4 e5 2. Nf3 Nc6 3. d4 exd4 4. Nxd4 Bc5 5. Be3 Qf6 6. c3 Nge7 7. Bc4 O-O 8.
O-O a6 9. b4 Bxd4 10. Bxd4 Nxd4 11. cxd4 Nc6 12. e5 Qf4 13. Nd2 Qxd4 14. Qe2
Qxe5 15. Qf3 b5 16. Bb3 Nd4 17. Qxa8 c6 18. Qa7 d6 19. Rfe1 Qg5 20. Qxd4 Bb7
21. Qe3 1-0

[Event "XV Bancpost"]
[Site "Miercurea Ciuc"]
[Date "2012.08.09"]
[Round "6.22"]
[White "Fola, Marcel-Dan"]
[Black "Bucsoiu, Vlad"]
[Result "0-1"]
[WhiteElo "1671"]
[BlackElo "1450"]
[PlyCount "74"]
[EventDate "2012.??.??"]

1. d4 Nf6 2. c4 e6 3. Nf3 b6 4. Nc3 Bb4 5. Qc2 O-O 6. Bg5 Bb7 7. e3 d6 8. Be2
Nbd7 9. O-O Bxc3 10. Qxc3 h6 11. Bh4 c5 12. Rfd1 Rc8 13. b3 Qc7 14. Bxf6 Nxf6
15. Nd2 cxd4 16. Qxd4 d5 17. Bf3 Rfd8 18. Qh4 dxc4 19. Bxb7 Qxb7 20. Nxc4 Rd5
21. Nd6 Rd8 22. Rxd5 Qxd5 23. h3 Qxd6 24. Qc4 Qc5 25. Rc1 Rd2 26. Qc3 Qxc3 27.
Rxc3 Ne4 28. Rc7 Rxa2 29. f3 Nd2 30. Rc8+ Kh7 31. Rf8 f6 32. b4 a5 33. Rb8 axb4
34. Rxb6 b3 35. Rxe6 b2 36. Rb6 b1=Q+ 37. Rxb1 Nxb1 0-1

[Event "XV Bancpost"]
[Site "Miercurea Ciuc"]
[Date "2012.08.09"]
[Round "7.1"]
[White "Orso, Miklos"]
[Black "Dulman, Egmond-Gabriel"]
[Result "1/2-1/2"]
[WhiteElo "2353"]
[BlackElo "2090"]
[PlyCount "35"]
[EventDate "2012.??.??"]

1. e4 c6 2. Nf3 d5 3. exd5 cxd5 4. Ne5 Nd7 5. d4 Ngf6 6. Bd3 g6 7. Qe2 Bg7 8.
Nd2 O-O 9. Ndf3 Nxe5 10. Nxe5 Nd7 11. Nxd7 Bxd7 12. c3 Qc7 13. O-O e6 14. Bg5
Rfe8 15. Bh4 Bc6 16. Bg3 Qd7 17. Rfe1 a6 18. Be5 1/2-1/2

[Event "XV Bancpost"]
[Site "Miercurea Ciuc"]
[Date "2012.08.09"]
[Round "7.2"]
[White "Osvath, Zoltan"]
[Black "Takacs, Balazs"]
[Result "1/2-1/2"]
[WhiteElo "1910"]
[BlackElo "2352"]
[PlyCount "68"]
[EventDate "2012.??.??"]

1. e4 c5 2. Nc3 d6 3. g3 g6 4. Bg2 Bg7 5. d3 Nc6 6. f4 e6 7. Nf3 Nge7 8. O-O
O-O 9. Be3 Nd4 10. Qd2 Nec6 11. Nd1 Qa5 12. c3 Nb3 13. axb3 Qxa1 14. e5 Qa5 15.
exd6 Rd8 16. Qf2 Rxd6 17. Bxc5 Rd5 18. b4 Qc7 19. Ne5 Rd8 20. Nxc6 bxc6 21. Qf3
Bb7 22. Nf2 f5 23. Ra1 a5 24. Re1 axb4 25. Bxb4 e5 26. fxe5 Bxe5 27. Qe3 Re8
28. d4 Bd6 29. Qxe8+ Rxe8 30. Rxe8+ Kf7 31. Bxd6 Qxd6 32. Re5 Qd8 33. Nd3 Qa8
34. h3 Qa1+ 1/2-1/2

[Event "XV Bancpost"]
[Site "Miercurea Ciuc"]
[Date "2012.08.09"]
[Round "7.3"]
[White "Pessi, Emil-George"]
[Black "Horvath, Imre"]
[Result "1/2-1/2"]
[WhiteElo "2237"]
[BlackElo "2281"]
[PlyCount "88"]
[EventDate "2012.??.??"]

1. e4 c6 2. d3 e5 3. Nf3 d6 4. g3 Nf6 5. Bg2 Be7 6. O-O O-O 7. Nc3 h6 8. d4 Qc7
9. b3 b5 10. a3 a6 11. Bb2 Re8 12. Qd2 Bb7 13. Nh4 Bf8 14. f4 exd4 15. Qxd4 c5
16. Qd3 c4 17. Qd4 d5 18. b4 Nc6 19. Nxd5 Nxd5 20. Qxd5 Nxb4 21. Qd2 Nc6 22.
Kh1 Rad8 23. Qf2 Nb8 24. Be5 Qc5 25. Qe1 Nc6 26. Bc3 a5 27. Nf5 b4 28. axb4
axb4 29. Bd2 g6 30. Be3 Qb5 31. g4 gxf5 32. gxf5 Nd4 33. Qg3+ Kh8 34. Bxd4+
Rxd4 35. Rg1 Bg7 36. Bf3 Bf6 37. Qh3 Kh7 38. Qh5 Qd7 39. Rg6 Bg7 40. Rag1 fxg6
41. Qxg6+ Kg8 42. f6 Bxe4 43. Bxe4 Rdxe4 44. fxg7 Re1 1/2-1/2

[Event "XV Bancpost"]
[Site "Miercurea Ciuc"]
[Date "2012.08.09"]
[Round "7.4"]
[White "Benedek, Istvan"]
[Black "Dicu, Razvan-Stefan"]
[Result "0-1"]
[WhiteElo "1688"]
[BlackElo "2217"]
[PlyCount "112"]
[EventDate "2012.??.??"]

1. e4 c5 2. Nf3 e6 3. d4 cxd4 4. Nxd4 Nc6 5. Be3 a6 6. Be2 Nf6 7. Nd2 Qc7 8.
O-O b5 9. f4 Nxd4 10. Bxd4 Bc5 11. Bxc5 Qxc5+ 12. Kh1 d5 13. Bf3 dxe4 14. Nxe4
Nxe4 15. Bxe4 Rb8 16. Qe2 O-O 17. Rad1 b4 18. Rd2 Qa5 19. Ra1 Bb7 20. Bxb7 Rxb7
21. Rd6 Qf5 22. Rxa6 Qxf4 23. Rd1 h6 24. h3 Rc7 25. Rad6 Qf5 26. R1d2 g6 27.
R6d4 Qa5 28. Qd3 Rb7 29. Qb3 Rb5 30. Rd1 Ra8 31. Ra1 Qb6 32. Rd7 Qc6 33. Qd3
Rg5 34. Rd8+ Kh7 35. Rg1 Rxd8 36. Qxd8 Qxc2 37. Qe7 Rf5 38. Qxb4 Rf2 39. a4
Qxb2 40. Qc5 Qa2 41. Qc6 Rf4 42. Qc7 Qxa4 43. Rb1 Qc4 44. Qb7 Rf1+ 45. Rxf1
Qxf1+ 46. Kh2 Qf4+ 47. Kh1 Kg7 48. Qb2+ e5 49. Qc3 Qd4 50. Qc7 h5 51. Qb8 Qc3
52. Qd6 e4 53. Qf4 e3 54. Qf1 Qb2 55. Qe1 Qf2 56. Qc3+ Kh7 0-1